|
|
|
|
| LEADER |
01312nam a22003137a 4500 |
| 001 |
41135 |
| 003 |
BD-DhAAL |
| 008 |
230503t1988 nyu||||| b||| 001 0 eng d |
| 020 |
|
|
|a 0393025152
|
| 020 |
|
|
|a 039330440X
|
| 040 |
|
|
|a BD-DhAAL
|c BD-DhAAL
|
| 082 |
|
|
|a 333.7
|
| 245 |
|
|
|a State of the world 1988 :
|b a Worldwatch Institute report on progress toward a sustainable society /
|c project director, Lester R. Brown ; editor, Linda Starke.
|
| 260 |
|
|
|a New York :
|a London :
|b Norton,
|c c1988.
|
| 300 |
|
|
|a xvii, 237 pages :
|b illustrations ;
|c 23 cm.
|
| 504 |
|
|
|a Includes bibliographical references and index.
|
| 541 |
|
|
|a Donated By Akbar Ali Khan
|e 41135
|
| 650 |
|
|
|a Environmental policy.
|
| 650 |
|
|
|a Human ecology.
|
| 650 |
|
|
|a Conservation of natural resources.
|
| 650 |
|
|
|a Natural resources
|x Conservation.
|9 54105
|
| 650 |
|
|
|a Ecology
|x Social aspects.
|9 54106
|
| 700 |
|
|
|a Brown, Lester R.
|q (Lester Russell),
|d 1934-
|9 54107
|
| 700 |
|
|
|a Starke, Linda.
|9 21234
|
| 710 |
|
|
|a Worldwatch Institute.
|
| 852 |
|
|
|a Ayesha Abed Library
|c Akbar Ali Khan Collection
|
| 942 |
|
|
|2 ddc
|c BK
|
| 999 |
|
|
|c 45702
|d 45702
|
| 952 |
|
|
|0 0
|1 0
|2 ddc
|4 0
|6 333_700000000000000_STA
|7 1
|9 73586
|a BRACUL
|b BRACUL
|c AAKC
|d 2023-05-03
|e Donated By Akbar Ali Khan
|g 1055.00
|l 0
|o 333.7 STA
|p 3010041135
|r 2023-05-03
|t 1
|w 2023-05-03
|y BK
|x USD 9.95
|